Estatísticas para Signos do Zodíaco Árvores ou Celta ou Druida

Clique aqui para jogar o quiz

Estatísticas Gerais

  • Esse quiz foi jogado 8 vezes
  • A pontuação média é 5 de 20

Estatísticas das Respostas

HintÁrvore% Correto
21 de marçoretira-se o v e estás apanhar nas orelhasCarvalho
57%
9 a 18 de fevereiro e 14 a 23 de agostoD. Dinis mandou plantar umPinheiro
57%
1º a 10 de abril e 4 a 13 de outubroos Panda são comem istoBambu
43%
11 a 20 de março e 13 a 22 de setembroos Coalas são comem as suas folhasEucalipto
43%
15 a 24 de maio e 3 a 21 de novembrosão usadas para regarMangueira
43%
1º a 10 de março e 3 a 12 de setembronão é salgado, da sua casca a Bayer ficou ricaSalgueiro
43%
4 a 8 de fevereiro, 1º a 14 de maio e 5 a 13 de agostoA ....... (Morus) e silva (Rubus) dao vaga preta quando esta maduraAmoreira
29%
14 a 20 de junho e 12 a 20 de dezembroLuís ... ganhou uma Bola de Ouro em 2000Figueira
29%
21 de junhotem uma vogal antes do pêIpê
29%
25 de maio a 3 de junho e 22 de novembro a 1º de dezembroa ...... mimosas são invasoras temíveis nas serras de portugalAcácia
14%
22 a 31 de março e 24 de setembro a 3 de outubroamendoins esquisitosCajueiro
14%
25 de janeiro a 3 de fevereiro e 26 de julho a 4 de agostoCedro e ..... são coniferasCipreste
14%
9 a 18 de fevereiro e 14 a 23 de agostonão é sombra da bananeira mas é parecidoCoqueiro
14%
22 de junho a 4 de julho e 22 de dezembro a 1º de janeiromarmelada de banana, bananada de ...Goiabeira
14%
21 de dezembroparecido com crocodilo mas não é o caimãoJacarandá
14%
11 a 20 de abril e 14 a 23 de outubronão é maracaná...Manacá
14%
23 de setembroSimone de ....Oliveira
14%
21 a 30 de abril e 24 de outubro a 2 de novembroo Vítor .... foi avançado do Benfica não esqueças de pôr o i a frente da páPaineira
14%
12 a 24 de janeiro e 15 a 25 de julhosão 40 dias antes da PascoaQuaresmeira
14%
4 a 13 de junho e 2 a 11 de dezembroos drogados picam-se com elasSeringueira
14%

Distribuição das Pontuações

Percentil de Números Respondidos

Porcentagem de Pessoas com Cada Pontuação

Sua Pontuação Histórica

Você não jogou esse quiz